00676nam a2200253 a 4500001001300000003000900013005001700022008004100039020001100080082001800091100001400109245002400123260003400147300000800181500003500189505001000224650002200234650001400256700001400270902000800284942000700292952011400299999000900413nice12345678IN_TiNIC20260116011250.0050524s1958 boma grp 000 0 eng  ac4.7500a954.0317bMUJ aMujeeb, M aOrdeal 1857, a Play aBombaybAsia Pub. Housec1958 a78p aincludes index and biblioraphy2 aIndex aMutiny-India-1857 aUrdu-Play1 aMujeeb, M bSRS cBK 001040708StackRoom-aHMIbHMId2005-05-24g4.75l0o954.0317 MUJp03223r2005-05-24v4.75w2005-05-24yBK c4d4